Kenyan Capitalists, the state, and Development (Record no. 94)
[ view plain ]
| 000 -LEADER | |
|---|---|
| fixed length control field | 00354nam a22001337a 4500 |
| 008 - FIXED-LENGTH DATA ELEMENTS--GENERAL INFORMATION | |
| fixed length control field | 230602b xxu||||| |||| 00| 0 eng d |
| 020 ## - INTERNATIONAL STANDARD BOOK NUMBER | |
| International Standard Book Number | 9966467513 |
| 082 ## - DEWEY DECIMAL CLASSIFICATION NUMBER | |
| Classification number | 330.22 |
| Item number | HIM |
| 100 ## - MAIN ENTRY--PERSONAL NAME | |
| Titles and words associated with a name | David Himbara |
| 245 ## - TITLE STATEMENT | |
| Title | Kenyan Capitalists, the state, and Development |
| 260 ## - PUBLICATION, DISTRIBUTION, ETC. (IMPRINT) | |
| Name of publisher, distributor, etc. | East African educational publisher ltd |
| 300 ## - PHYSICAL DESCRIPTION | |
| Extent | xi, 192p |
| 942 ## - ADDED ENTRY ELEMENTS (KOHA) | |
| Source of classification or shelving scheme | Dewey Decimal Classification |
| Koha item type | Books |
| Withdrawn status | Lost status | Source of classification or shelving scheme | Damaged status | Not for loan | Home library | Current library | Date acquired | Total Checkouts | Full call number | Barcode | Date last seen | Price effective from | Koha item type | Checked out |
|---|---|---|---|---|---|---|---|---|---|---|---|---|---|---|
| Dewey Decimal Classification | Bunge Tower Library | Bunge Tower Library | 06/02/2023 | 330.22 HIM | 10014570 | 06/02/2023 | 06/02/2023 | Books | ||||||
| Dewey Decimal Classification | Bunge Tower Library | Bunge Tower Library | 06/05/2023 | 330.22 HIM | 10014573 | 06/05/2023 | 06/05/2023 | Books | ||||||
| Dewey Decimal Classification | Bunge Tower Library | Bunge Tower Library | 06/05/2023 | 330.22 HIM | 10014571 | 06/05/2023 | 06/05/2023 | Books | 03/01/2022 |
